[Event "Challenge"]
[Site "http://www.queenalice.com/game.php?id=460679"]
[Date "2008.9.9"]
[Round "-"]
[White "frankcasadio"]
[Black "momo"]
[Result "1-0"]
[WhiteElo "1906"]
[BlackElo "1322"]

1. e4 d6 2. Bc4 e6 3. Nf3 d5 4. exd5 exd5 5. Bb3 Be7 6. d4 c5 7. a3 Qa5+ 8. Bd2
Qb6 9. dxc5 Qxc5 10. O-O h6 11. Be3 Qc7 12. Qxd5 Be6 13. Qb5+ Bd7 14. Qc4 Qxc4
15. Bxc4 b5 16. Bb3 Bf6 17. c3 Ne7 18. Re1 O-O 19. Bc5 Nbc6 20. Nbd2 Rac8 21.
Ne4 g5 22. Nxf6+ Kg7 23. Nxd7 Rfe8 24. Nde5 Nxe5 25. Bxe7 Rxe7 26. Rxe5 Rxe5 27.
Nxe5 Rd8 28. Nxf7 Rd2 29. Rb1 Kf6 30. Nxh6 Ke5 31. h3 Ke4 32. f3+ Ke3 33. Nf7 b4
34. axb4 a5 35. bxa5 Ke2 36. a6 Rd7 37. Nxg5 Rg7 38. Ne4 Ke3 39. Ra1 Ra7 40. h4
Kd3 41. Nc5+ Ke3 42. Rd1 Kf4 43. h5 Rc7 44. Ne6+ Kf5 45. Nxc7 Kg5 46. a7 Kh4 47.
a8=Q Kg3 48. Qg8+ Kh4 49. Qg4# 1-0

[Event "Let's Play Chess!"]
[Site "http://www.queenalice.com/game.php?id=460698"]
[Date "2008.9.9"]
[Round "-"]
[White "Matrim"]
[Black "momo"]
[Result "1-0"]
[WhiteElo "1855"]
[BlackElo "1313"]

1. d4 e6 2. e4 c5 3. d5 g6 4. Nf3 b6 5. Nc3 Nf6 6. Bf4 Bb7 7. Nb5 d6 8. e5 dxe5
9. Bxe5 Nbd7 10. Nc7+ Ke7 11. Nxa8 Qxa8 12. dxe6 fxe6 13. Qd6+ Ke8 14. Qxe6+ Be7
15. Bd6 Qd8 16. Ng5 Rf8 17. Bc4 Bxg2 18. Nf7 Bxh1 19. Nxd8 Kxd8 20. Bxe7+ Ke8
21. Bxf8+ Kd8 22. Be7+ Kc7 23. O-O-O b5 24. Bxb5 Bd5 25. Rxd5 Nxd5 26. Qd6+ Kb7
27. Ba6+ Ka8 28. Qxd5+ Kb8 29. Bd6# 1-0

[Event "Let's Play Chess!"]
[Site "http://www.queenalice.com/game.php?id=460859"]
[Date "2008.9.10"]
[Round "-"]
[White "momo"]
[Black "amandolin"]
[Result "0-1"]
[WhiteElo "1281"]
[BlackElo "1312"]

1. e3 g6 2. c3 e5 3. d4 Bg7 4. Nf3 d6 5. Qd3 Ne7 6. Qb5+ Nbc6 7. d5 a6 8. Qc4 b5
9. Qe2 Nxd5 10. Qd3 Be6 11. e4 Nf4 12. Bxf4 exf4 13. g3 Bc4 14. Qd2 fxg3 15.
hxg3 Ne5 16. Nxe5 dxe5 17. Bxc4 bxc4 18. O-O O-O 19. Qxd8 Raxd8 20. Na3 Rd2 21.
Nxc4 Re2 22. Nxe5 Bxe5 23. f4 Bd6 24. e5 Bc5+ 25. Kh1 Rxb2 26. Rfd1 Bf2 27. Kg2
Be1+ 28. Kh3 Bxc3 29. Rd7 Rb7 30. Rc1 Ba5 31. Kg4 h6 32. f5 Rbb8 33. Rc5 Rb4+
34. Kh3 Bb6 35. Rc6 a5 36. fxg6 Kg7 37. Rf6 Bd4 38. e6 Bxf6 39. exf7 Kxg6 40.
Rxc7 Rxf7 41. Rxf7 Kxf7 42. a3 Rb3 43. a4 Ra3 44. Kg4 Kg6 45. Kf4 Rxa4+ 46. Kf3
Kg5 47. Kg2 Kg4 48. Kh2 Ra2+ 49. Kh1 Kxg3 50. Kg1 Ra1# 0-1

[Event "Let's Play Chess!"]
[Site "http://www.queenalice.com/game.php?id=460975"]
[Date "2008.9.10"]
[Round "-"]
[White "Mahalael"]
[Black "momo"]
[Result "0-1"]
[WhiteElo "1309"]
[BlackElo "1252"]

1. e4 c6 2. Nf3 b5 3. c4 Bb7 4. a4 a6 5. Nc3 g6 6. Nd4 Bg7 7. e5 Bxe5 8. Qg4 f5
9. Qh4 Bxd4 10. Qxd4 Nf6 11. f3 d6 12. g4 c5 13. Qf4 e5 14. Qh6 Rf8 15. g5 Ng8
16. Qxh7 Qxg5 17. Qxb7 Qh4+ 18. Kd1 Nd7 19. Qxa8+ Kf7 20. Qxa6 bxc4 21. Bxc4+
Kg7 22. Qxd6 Qxc4 23. Qxd7+ Rf7 24. Qc6 Ne7 25. Qb6 e4 26. a5 Nd5 27. Qd6 Qd3
28. a6 Qxf3+ 29. Kc2 Qxh1 30. Nxd5 Qf3 31. Qf6+ Rxf6 32. Nxf6 Kxf6 33. a7 Qd3+
34. Kd1 e3 35. a8=Q Qf1+ 36. Kc2 e2 37. b3 Qd1+ 38. Kc3 e1=Q 39. Bb2 Qdxd2+ 40.
Kc4+ Kg5 41. Qf3 Qb4+ 42. Kd5 Qb7+ 0-1

[Event "Let's Play Chess!"]
[Site "http://www.queenalice.com/game.php?id=460976"]
[Date "2008.9.10"]
[Round "-"]
[White "chunyi2012"]
[Black "momo"]
[Result "1-0"]
[WhiteElo "1352"]
[BlackElo "1268"]

1. e4 e6 2. d4 c6 3. Nf3 d5 4. Nc3 dxe4 5. Nxe4 f5 6. Ng3 g6 7. Bf4 Bg7 8. c3 e5
9. dxe5 Qxd1+ 10. Rxd1 Be6 11. Nd4 Bxa2 12. Be2 Ne7 13. h4 Nd5 14. Ne6 Kd7 15.
Nxg7 Kc7 16. Bh6 a5 17. h5 Bb3 18. Rd4 Rd8 19. hxg6 hxg6 20. e6 Na6 21. Bg5 c5
22. Bxd8+ Rxd8 23. Rd2 Ne7 24. Rxd8 Kxd8 25. Rh8+ Kc7 26. Ne8+ Kb6 27. Nd6 Bxe6
28. Re8 Kc6 29. Nxb7 Kxb7 30. Rxe7+ Bd7 31. Rxd7+ Nc7 32. Bf3+ Kc8 33. Bc6 f4
34. Ne4 c4 35. Nd6+ Kb8 36. Rg7 Ne6 37. Rxg6 Nd8 38. Be4 Kc7 39. Nb5+ Kc8 40.
Rg7 Ne6 41. Re7 Nc5 42. Bd5 Nd3+ 43. Kf1 Nxb2 44. Nd4 a4 45. Nc6 a3 46. Be6# 1-0

[Event "Let's Play Chess!"]
[Site "http://www.queenalice.com/game.php?id=460977"]
[Date "2008.9.10"]
[Round "-"]
[White "ramgds"]
[Black "momo"]
[Result "1/2-1/2"]
[WhiteElo "1408"]
[BlackElo "1335"]

1. e4 e6 2. Nf3 g6 3. b3 Bg7 4. c3 Nf6 5. Bd3 d5 6. exd5 Qxd5 7. Bc4 Qe4+ 8. Qe2
Qxe2+ 9. Bxe2 O-O 10. c4 Bd7 11. Ne5 Be8 12. Bb2 a6 13. Bf3 c6 14. Na3 b5 15. c5
Bd7 16. Nxd7 Nbxd7 17. Bxc6 Rad8 18. Bxd7 Rxd7 19. c6 Rd6 20. Rc1 Rc8 21. c7 Nd5
22. Bxg7 Kxg7 23. O-O Nxc7 24. Nb1 Rb6 25. Rfd1 Rb7 26. Rc6 Rd8 27. g3 Ra7 28.
Rdc1 Nd5 29. d4 Nb4 30. Rc7 Rxc7 31. Rxc7 Rxd4 32. Kg2 Nd5 33. Rd7 Rd1 34. Na3
Rd2 35. Nb1 Rxa2 36. h4 Ne3+ 37. Kh3 Rxf2 38. Ra7 Rb2 39. Nc3 Rxb3 40. Ne4 Kh6
41. Rxa6 Rb2 42. Ra7 f5 43. Nf6 g5 44. Rxh7+ Kg6 45. hxg5 Kxg5 46. Nd7 f4 47.
gxf4+ Kxf4 48. Rf7+ Nf5 49. Nc5 Re2 50. Rb7 Re3+ 51. Kg2 Nh4+ 52. Kf2 Rf3+ 53.
Ke2 Re3+ 54. Kd2 Nf3+ 55. Kc2 Re2+ 56. Kb3 Nd4+ 57. Kb4 Nc2+ 58. Kxb5 Nd4+ 59.
Kc4 e5 60. Rf7+ Ke3 61. Re7 Kf4 62. Nd3+ Ke3 63. Rxe5+ Kd2 64. Rxe2+ Nxe2 65.
Ne5 1/2-1/2

[Event "Let's Play Chess!"]
[Site "http://www.queenalice.com/game.php?id=460978"]
[Date "2008.9.10"]
[Round "-"]
[White "momo"]
[Black "Mahalael"]
[Result "0-1"]
[WhiteElo "1277"]
[BlackElo "1145"]

1. Nc3 e5 2. e4 Nf6 3. f3 c6 4. Be2 Bc5 5. Nh3 d5 6. d3 Nh5 7. g4 Qh4+ 8. Kd2
Nf4 9. d4 exd4 10. Nxf4 dxc3+ 11. Kxc3 O-O 12. Ng2 Qf6+ 13. Kb3 dxe4 14. fxe4 b5
15. c4 bxc4+ 16. Kxc4 Na6 17. Qa4 Qd4+ 18. Kb3 Qf2 19. Qxc6 Rb8+ 20. Ka4 Qxg2
21. Re1 Rb4+ 22. Ka5 Rb6 23. Qa4 Qxh2 24. b4 Rxb4 25. Qc6 Bb6+ 26. Qxb6 axb6#
0-1

[Event "Let's Play Chess!"]
[Site "http://www.queenalice.com/game.php?id=460990"]
[Date "2008.9.10"]
[Round "-"]
[White "xadrezpetry"]
[Black "momo"]
[Result "1-0"]
[WhiteElo "1414"]
[BlackElo "1247"]

1. e4 e6 2. d4 Bb4+ 3. c3 Be7 4. e5 f6 5. Bf4 d6 6. exf6 Nxf6 7. Nf3 O-O 8. h4
b6 9. h5 g6 10. Qd3 d5 11. hxg6 Ba6 12. gxh7+ Kh8 13. Qg6 Nxh7 14. Qxh7# 1-0

[Event "Let's Play Chess!"]
[Site "http://www.queenalice.com/game.php?id=460991"]
[Date "2008.9.10"]
[Round "-"]
[White "Tobe10"]
[Black "momo"]
[Result "1-0"]
[WhiteElo "1399"]
[BlackElo "1349"]

1. d4 d5 2. h3 g5 3. b4 Nc6 4. g4 Bg7 5. c3 e5 6. dxe5 Bxe5 7. Nf3 Bf6 8. a4 Qd6
9. b5 Na5 10. Nxg5 d4 11. Ne4 Qd5 12. Bg2 Be5 13. f4 Bg7 14. e3 f5 15. gxf5 Bxf5
16. cxd4 Bxe4 17. Nc3 Qc4 18. Nxe4 Nb3 19. Nd2 Qc3 20. Qh5+ Kf8 21. Ra3 Qxc1+
22. Qd1 Qxa3 23. Nxb3 Qb4+ 24. Kf2 Qxa4 25. Bxb7 Rb8 26. Bc6 Qa2+ 27. Kf3 Rb6
28. Bd7 Nf6 29. Rg1 Qh2 30. Rh1 Qa2 31. Bc6 a6 32. Nc1 Qe6 33. d5 Qf5 34. Nd3
axb5 35. e4 Qxe4+ 36. Kg3 Nh5+ 37. Qxh5 Rxc6 38. Nf2 Qe3+ 39. Kg2 Rg6+ 40. Ng4
Qe4+ 41. Kg1 Qe1+ 42. Kg2 Qe4+ 43. Kg1 Bd4+ 44. Kh2 1-0

[Event "Challenge"]
[Site "http://www.queenalice.com/game.php?id=461175"]
[Date "2008.9.10"]
[Round "-"]
[White "momo"]
[Black "karpovl"]
[Result "0-1"]
[WhiteElo "1218"]
[BlackElo "1700"]

1. e3 e5 2. Nf3 Nc6 3. b3 Qf6 4. Bb2 Qg6 5. d4 Nb4 6. c3 Nc2+ 7. Ke2 Nxa1 8.
Bxa1 Qa6+ 9. Ke1 Qxa2 10. Nbd2 b6 11. Bc4 Qa3 12. Nxe5 Nh6 13. Qc2 Qxa1+ 14. Nb1
d6 15. Bb5+ Kd8 16. Qe4 dxe5 17. Qxa8 Qxb1+ 18. Ke2 Qc2+ 19. Kf3 e4+ 20. Kg3
Bd6+ 21. Kh4 Qxf2+ 22. Kh5 Qf5+ 23. Kh4 Qg4# 0-1

[Event "BISPO"]
[Site "http://www.queenalice.com/game.php?id=462154"]
[Date "2008.9.12"]
[Round "-"]
[White "momo"]
[Black "BISPO_Daniel"]
[Result "1-0"]
[WhiteElo "1354"]
[BlackElo "1168"]

1. e3 e5 2. d4 Qf6 3. b3 Bb4+ 4. c3 Bd6 5. Bb2 Ne7 6. g3 O-O 7. Bg2 Nf5 8. Nf3
Nc6 9. dxe5 Nxe5 10. Nxe5 Bxe5 11. Qd3 Re8 12. O-O a5 13. f4 Bd6 14. e4 Nh6 15.
Nd2 g5 16. fxg5 Qxg5 17. Qd4 c5 18. Qd3 Ng4 19. Qxd6 Qe3+ 20. Rf2 Qxf2+ 21. Kh1
Ra6 22. Qf4 Qxf4 23. gxf4 Rh6 24. Nf3 Rxe4 25. Ng5 Rxf4 26. Bc1 Rxh2+ 27. Kg1
Rf2 28. Bd5 Rf5 29. Be4 Re5 30. Bf4 1-0

[Event "Let's Play Chess!"]
[Site "http://www.queenalice.com/game.php?id=462180"]
[Date "2008.9.12"]
[Round "-"]
[White "kako"]
[Black "momo"]
[Result "1-0"]
[WhiteElo "1860"]
[BlackElo "1353"]

1. e4 d5 2. e5 f6 3. d4 fxe5 4. dxe5 e6 5. Nf3 Bb4+ 6. c3 Bc5 7. Bd3 c6 8. O-O
Ne7 9. b4 Bb6 10. a4 c5 11. Bb5+ Bd7 12. Bxd7+ Qxd7 13. a5 Bc7 14. bxc5 b6 15.
Be3 Nec6 16. axb6 axb6 17. Rxa8 O-O 18. cxb6 Bxb6 19. Bxb6 Qb7 20. Ra4 Qxb6 21.
Qd3 Qb3 22. Rh4 Nd7 23. Qxh7+ Kf7 24. Ng5+ Ke7 25. Qxg7+ Ke8 26. Rh7 Kd8 27.
Qxd7# 1-0

[Event "Let's Play Chess!"]
[Site "http://www.queenalice.com/game.php?id=462181"]
[Date "2008.9.12"]
[Round "-"]
[White "swordfish"]
[Black "momo"]
[Result "1-0"]
[WhiteElo "1708"]
[BlackElo "1363"]

1. e4 d5 2. exd5 Qxd5 3. Nc3 Qe6+ 4. Be2 Qg6 5. g3 h5 6. Nf3 Bg4 7. d4 e6 8. Nb5
Kd8 9. h4 a6 10. Bd3 Qf6 11. Bg5 Bxf3 12. Qxf3 c6 13. Bxf6+ gxf6 14. O-O-O axb5
15. Rhe1 Rxa2 16. Qe4 Ra1+ 17. Kd2 Rxd1+ 18. Kxd1 f5 19. Qe5 Rh6 20. Qxb8+ Ke7
21. Qxb7+ Kf6 22. Qc8 Kg7 23. Qxc6 Bb4 24. c3 Ne7 25. Qxb5 Bd6 26. Qa6 Bc7 27.
Qb7 Bd8 28. b4 e5 29. dxe5 f6 30. Bxf5 fxe5 31. Rxe5 Kf6 32. Re6+ Kg7 33. Rxh6
Kxh6 34. Bd3 Kg7 35. Qd7 Kf8 36. Qxd8+ Kf7 37. Bc4+ Kf6 38. Qd6+ Kf5 39. Qe6#
1-0

[Event "FEMININO"]
[Site "http://www.queenalice.com/game.php?id=462626"]
[Date "2008.9.13"]
[Round "-"]
[White "Drica"]
[Black "momo"]
[Result "1-0"]
[WhiteElo "1605"]
[BlackElo "1320"]

1. e4 d5 2. Qf3 e6 3. exd5 exd5 4. Nc3 Be6 5. b3 Qe7 6. Nge2 g5 7. Nxd5 Qd6 8.
Nf6+ Nxf6 9. Bb2 g4 10. Qxf6 Rg8 11. Be5 Qd5 12. Bxc7 Bb4 13. Nc3 Qd7 14. Bg3
Nc6 15. Bf4 Rg6 16. Qh8+ Ke7 17. Qxa8 f5 18. Qh8 Qd4 19. Qxh7+ Rg7 20. Qh4+ Ke8
21. a3 Bxc3 22. Rd1 Qe4+ 23. Be3 Qxc2 24. Qh6 Bxb3 25. Be2 Rd7 26. O-O Bxd2 27.
Bxd2 Rxd2 28. Rxd2 Qxd2 29. Qxd2 a5 30. Bb5 Ke7 31. Re1+ Ne5 32. Rxe5+ Kf6 33.
Qd6+ Kg5 34. Qe7+ Kf4 35. g3+ Kf3 36. Be2# 1-0

[Event "Challenge"]
[Site "http://www.queenalice.com/game.php?id=462628"]
[Date "2008.9.13"]
[Round "-"]
[White "Drica"]
[Black "momo"]
[Result "1-0"]
[WhiteElo "1604"]
[BlackElo "1249"]

1. e4 d5 2. Qf3 c6 3. exd5 cxd5 4. Nc3 e6 5. d4 b6 6. Nh3 Bb7 7. Ng5 f6 8. Nxe6
Qe7 9. Qf5 g6 10. Nxd5 Bxd5 11. Qxd5 Qb4+ 12. c3 Qe7 13. Qxa8 Qd8 14. Nxd8 Kxd8
15. Qxb8+ Ke7 16. Qxa7+ Ke8 17. Qb8+ Kf7 18. Qxb6 Be7 19. Qb3+ Kg7 20. Qd5 Nh6
21. Bc4 Rf8 22. O-O g5 23. Qe6 f5 24. Qxe7+ Nf7 25. Bxg5 Rb8 26. Qxf7+ Kh8 27.
Bf6# 1-0

[Event "drica"]
[Site "http://www.queenalice.com/game.php?id=462694"]
[Date "2008.9.13"]
[Round "-"]
[White "Negruver"]
[Black "momo"]
[Result "0-1"]
[WhiteElo "1248"]
[BlackElo "1351"]

1. e3 e6 2. d4 d5 3. Qf3 h6 4. Nh3 g5 5. Nc3 f5 6. Qh5+ Kd7 7. Bb5+ c6 8. Qf7+
Qe7 9. Qh5 cxb5 10. Nxb5 Nf6 0-1

[Event "Let's Play Chess!"]
[Site "http://www.queenalice.com/game.php?id=462735"]
[Date "2008.9.13"]
[Round "-"]
[White "roda"]
[Black "momo"]
[Result "1-0"]
[WhiteElo "1937"]
[BlackElo "1249"]

1. e4 d5 2. exd5 Qxd5 3. Nc3 Qe6+ 4. Be2 Qg6 5. Bf3 Qe6+ 6. Nge2 Bd7 7. Bxb7 c6
8. Bxa8 Na6 9. d4 Nc7 10. d5 cxd5 11. Nxd5 Qd6 12. Bb7 Nxd5 13. Bxd5 Qb4+ 14.
Nc3 e6 15. Bb3 Nf6 16. Bd2 Qb7 17. Qe2 Qxg2 18. O-O-O a5 19. Nb5 Bc5 20. Nc7+
Ke7 21. Bxa5 Bc6 22. Rhe1 Bd7 23. Bc3 Rc8 24. Bxf6+ Kxf6 25. Rxd7 Qg5+ 26. Kb1
Kg6 27. Bxe6 Qf6 28. Bxf7+ Kh6 29. Qh5# 1-0

[Event "Let's Play Chess!"]
[Site "http://www.queenalice.com/game.php?id=462738"]
[Date "2008.9.13"]
[Round "-"]
[White "lucianovdemelo"]
[Black "momo"]
[Result "0-1"]
[WhiteElo "1449"]
[BlackElo "1237"]

1. e4 d5 2. e5 f6 3. exf6 gxf6 4. Nc3 Bg7 5. Nf3 Qd6 6. d4 e5 7. dxe5 fxe5 8.
Qxd5 Qxd5 9. Nxd5 Kd7 10. Be3 c6 11. Nxe5+ Bxe5 0-1

[Event "Let's Play Chess!"]
[Site "http://www.queenalice.com/game.php?id=462741"]
[Date "2008.9.13"]
[Round "-"]
[White "lucianovdemelo"]
[Black "momo"]
[Result "0-1"]
[WhiteElo "1449"]
[BlackElo "1300"]

1. d4 d5 2. c4 c6 3. Nc3 dxc4 4. Nf3 g6 5. Bg5 f6 6. Bh4 Bg7 7. e3 Qa5 8. Bxc4
Nh6 9. O-O Qb4 10. Qd3 Qxb2 11. Rfb1 Qa3 12. Rb3 Qd6 13. Ne4 Qd7 14. Bg3 b5 15.
Nc5 Qc7 16. Bxb5 e5 0-1

[Event "Torneio da Geórgia"]
[Site "http://www.queenalice.com/game.php?id=463059"]
[Date "2008.9.14"]
[Round "-"]
[White "momo"]
[Black "lafasouza"]
[Result "0-1"]
[WhiteElo "1315"]
[BlackElo "1693"]

1. e3 d5 2. e4 dxe4 3. f3 Nf6 4. Bb5+ c6 5. Be2 e6 6. d3 exf3 7. gxf3 Nd5 8. Qd2
Qh4+ 9. Kd1 Qf2 10. c4 Qg2 11. h3 Qxh1 12. Qe1 Bb4 13. Qf1 Bd7 14. Bd2 Qh2 15.
Bxb4 Ne3+ 16. Ke1 Nxf1 17. Bxf1 Qe5+ 18. Ne2 Qxb2 19. Bc3 Qb6 20. Bxg7 Rg8 21.
Bd4 c5 22. Be3 Qb2 23. Bxc5 Qxa1 24. Nc3 b6 25. Ba3 Bc6 26. Bg2 Rxg2 27. Kd1
Bxf3+ 28. Kc1 Rg1+ 29. Kc2 Nc6 30. Bb2 Nd4+ 31. Kd2 Qxb2+ 32. Ke3 Rd8 33. Kf4
Qh2+ 34. Ke3 Re1+ 35. Ne2 Rxe2# 0-1

[Event "Let's Play Chess!"]
[Site "http://www.queenalice.com/game.php?id=463060"]
[Date "2008.9.14"]
[Round "-"]
[White "momo"]
[Black "Andrei_78"]
[Result "0-1"]
[WhiteElo "1363"]
[BlackElo "1509"]

1. d4 d5 2. Qd3 c6 3. g3 h6 4. b3 Nf6 5. Nf3 Nbd7 6. Bg2 Ne4 7. Nh4 e6 8. f3
Nef6 9. e4 dxe4 10. fxe4 Bb4+ 11. c3 Ba5 12. b4 Bb6 13. e5 Nd5 14. Bxd5 cxd5 15.
O-O Qc7 16. Bb2 O-O 17. Nd2 a6 18. c4 dxc4 19. Nxc4 Ba7 20. Rac1 Nxe5 21. Nxe5
Qd6 22. Nc4 Qxb4 23. Ba3 Qb5 24. Bxf8 Kxf8 25. Qh7 Bxd4+ 26. Kh1 Qc6+ 27. Nf3
Bb2 28. Qh8+ Ke7 29. Nxb2 Qb6 30. Nc4 Qa7 0-1

[Event "Let's Play Chess!"]
[Site "http://www.queenalice.com/game.php?id=463062"]
[Date "2008.9.14"]
[Round "-"]
[White "momo"]
[Black "filomenos"]
[Result "0-1"]
[WhiteElo "1351"]
[BlackElo "1768"]

1. d4 d5 2. c3 Nc6 3. g3 g6 4. e3 Nf6 5. Bg2 Bg7 6. Nh3 O-O 7. Ng5 Re8 8. e4
dxe4 9. O-O Bf5 10. Qe2 Bg4 11. Qe3 Nd5 12. Qxe4 Bf5 13. Qxd5 Be6 14. Qf3 Bd5
15. Qxd5 e6 16. Qxd8 Raxd8 17. Rd1 e5 18. d5 Ne7 19. f4 c6 20. c4 exf4 21. gxf4
Nf5 22. dxc6 Rxd1+ 23. Kf2 Rxc1 24. cxb7 Bxb2 25. Bd5 Nd6 26. Bc6 Rb8 27. Bd5
Bxa1 28. Nd2 Bf6 29. a4 Bxg5 30. fxg5 Nxb7 31. Bxb7 Rxb7 32. Ke3 Rb2 33. a5 Rxd2
34. Kxd2 Rxc4 35. Kd3 Ra4 36. Kc3 Rxa5 37. Kd4 Rxg5 38. Ke3 a5 39. Kf4 a4 40.
Kxg5 a3 41. Kf6 a2 42. h4 a1=Q+ 43. Kg5 Qf1 44. h5 Qf5+ 45. Kh4 Qxh5+ 46. Kg3
Qf5 47. Kh4 g5+ 48. Kg3 h5 49. Kh2 g4 50. Kh1 g3 51. Kg2 h4 52. Kh1 Qf1# 0-1

[Event "Let's Play Chess!"]
[Site "http://www.queenalice.com/game.php?id=463063"]
[Date "2008.9.14"]
[Round "-"]
[White "yndy"]
[Black "momo"]
[Result "1-0"]
[WhiteElo "1509"]
[BlackElo "1363"]

1. e4 d5 2. Nc3 c6 3. exd5 cxd5 4. Bb5+ Bd7 5. Nf3 Na6 6. Ne5 Bxb5 7. Nxb5 Qb6
8. a4 e6 9. d4 f6 10. Bf4 fxe5 11. Bxe5 Ne7 12. Qh5+ Ng6 13. O-O O-O-O 14. Qe2
Be7 15. c4 Rhg8 16. c5 Qc6 17. Nxa7+ Kd7 18. Nxc6 Kxc6 19. Qb5# 1-0

[Event "Let's Play Chess!"]
[Site "http://www.queenalice.com/game.php?id=472028"]
[Date "2008.10.3"]
[Round "-"]
[White "MalucoO"]
[Black "momo"]
[Result "1-0"]
[WhiteElo "2199"]
[BlackElo "1351"]

1. f4 e6 2. Nf3 d5 3. e3 Bd7 4. b3 Qe7 5. Bb2 Nc6 6. Nc3 O-O-O 7. a4 Nb4 8. Be2
f6 9. O-O g5 10. fxg5 fxg5 11. Nxd5 Nxd5 12. Bxh8 Bg7 13. Bxg7 Qxg7 14. Bc4 Nb4
15. Nd4 c5 16. Nxe6 Bxe6 17. Bxe6+ Kc7 18. Bf5 Qb2 19. Qh5 Nf6 20. Qf7+ Rd7 21.
Bxd7 Nxd7 22. d4 cxd4 23. exd4 Qxd4+ 24. Kh1 Nxc2 25. Rac1 Qd3 26. Rfd1 1-0